000 00500nam a2200169Ia 4500
003 GCL
008 140319s9999 xx 000 0 ara d
040 _aGCL /
_cGCL
082 0 4 _aد
_b050
100 1 _aقاسم عبده قاسم
245 1 0 _aماهية الحروب الصليبية (عالم المعرفة 149) /
_cقاسم عبده قاسم
300 _a247 ص
490 _aعالم المعرفة
_v0
650 0 4 _aتاريخ
650 0 4 _aالحروب الصليبية
942 _2ddc
_cBK
999 _c45079
_d45079